000 00988cab a22002055a 4500
001 L156142
008 120501e2012 xxk 000 0 eng d
035 _a(Sirsi) u156142
041 0 _aeng
100 1 _aPhillips, Mike
245 0 0 _aGlanmore valuation row exposes fault lines in methodology
260 _c2012
490 0 _aProperty Week
_v78(17) 27 April 2012, 76-77(2)
520 _aA row has broken out between Glanmore Property Fund and one of its lenders, the Royal Bank of Scotland, over the lender's valuation of Glanmore's portfolio, which is vital to Glanmore securing refinancing of a £300m loan that matures this April. The dispute highlights the problems facing valuers working in bull or bear markets, hints at a ticking timebomb for secondary valuations and exposes fault lines in the valuation methodology applied in this case.
590 _aKA
651 4 _aUnited Kingdom
690 _aValuation
_96273
690 _aCommercial property
_96227
942 _n0
999 _c83956
_d83956